[Event "Canadian op"]
[Site "Edmonton"]
[Date "2009.07.16"]
[Round "6.68"]
[White "Sullivan, Brian"]
[Black "Miettinen, Eric"]
[Result "0-1"]
[WhiteElo "1643"]
[BlackElo "1800"]
[PlyCount "55"]
[EventDate "2009.07.11"]
[EventType "swiss"]
[EventRounds "9"]
[EventCountry "CAN"]
[SourceTitle "EXT 2022"]
[Source "ChessBase"]
[SourceDate "2021.10.06"]
[SourceVersion "1"]
[SourceVersionDate "2021.10.06"]
[SourceQuality "1"]

1. d4 Nf6 2. c4 c5 3. d5 b5 4. b3 bxc4 5. bxc4 d6 6. Nc3 g6 7. Bd2 Bg7 8. Qc2 0-0 9. e4 Nbd7 10. Nf3 Ng4 11. Be2 Nge5 12. 0-0 Nxf3+ 13. Bxf3 Ne5 14. Be2 f5 15. f3 fxe4 16. fxe4 Rxf1+ 17. Rxf1 Rb8 18. Nd1 Qb6 19. Bc3 Qa6 20. Kh1 Qa3 21. Ne3 Nxc4 22. Rf3 Nxe3 23. Rxe3 Bxc3 24. h4 Rb2 25. Qc1 Bd2 26. Rxa3 Bxc1 27. Rxa7 Rxe2 28. Ra8 0-1

[Event "Canadian op"]
[Site "Edmonton"]
[Date "2009.07.15"]
[Round "5.44"]
[White "Miettinen, Eric"]
[Black "Purewal, Sardul"]
[Result "0-1"]
[WhiteElo "1800"]
[BlackElo "2057"]
[PlyCount "88"]
[EventDate "2009.07.11"]
[EventType "swiss"]
[EventRounds "9"]
[EventCountry "CAN"]
[SourceTitle "EXT 2022"]
[Source "ChessBase"]
[SourceDate "2021.10.06"]
[SourceVersion "1"]
[SourceVersionDate "2021.10.06"]
[SourceQuality "1"]

1. Nf3 Nf6 2. c4 c6 3. d4 d5 4. e3 e6 5. Nc3 Nbd7 6. Qc2 Be7 7. g4 h6 8. Bd2 b6 9. e4 dxe4 10. Nxe4 Bb7 11. Nxf6+ Nxf6 12. c5 bxc5 13. dxc5 Qd5 14. Be2 Qxc5 15. Qb3 Qb6 16. Qc2 Bc5 17. 0-0-0 Nxg4 18. Rhg1 Nxf2 19. Rxg7 Nxd1 20. Rxf7 Kxf7 21. Ne5+ Ke7 22. Kxd1 Rag8 23. Ng6+ Kd8 24. Nxh8 Rg1+ 25. Be1 Bf2 26. Qd3+ Kc8 27. Bf1 Bxe1 28. Kxe1 Qxb2 29. Nf7 Qb4+ 30. Kf2 Qb6+ 31. Ke1 a5 32. Nd6+ Kb8 33. Nxb7 Rxf1+ 34. Kxf1 Kxb7 35. Qd7+ Ka6 36. Qxe6 Qb5+ 37. Kf2 Qd5 38. Qxh6 Qxa2+ 39. Kg3 Qb3+ 40. Kf2 Qc2+ 41. Kg3 a4 42. Qd6 Qc3+ 43. Kf2 a3 44. Qb8 Qb2+ 0-1

[Event "London CC-ch B"]
[Site "London"]
[Date "2009.03.19"]
[Round "1"]
[White "Miettinen, Eric"]
[Black "Zhou, Young"]
[Result "1-0"]
[WhiteElo "1749"]
[BlackElo "1145"]
[PlyCount "105"]
[EventDate "2009.03.19"]
[EventType "swiss"]
[EventRounds "13"]
[EventCountry "CAN"]
[SourceTitle "EXT 2022"]
[Source "ChessBase"]
[SourceDate "2021.10.06"]
[SourceVersion "1"]
[SourceVersionDate "2021.10.06"]
[SourceQuality "1"]

1. c4 e5 2. g3 Nf6 3. Bg2 Bc5 4. Nc3 c6 5. e3 d5 6. cxd5 cxd5 7. Nge2 Nc6 8. 0-0 0-0 9. Na4 Bb6 10. Nxb6 Qxb6 11. d4 Be6 12. dxe5 Nxe5 13. Nd4 Nc4 14. b3 Nd6 15. Nxe6 fxe6 16. Bb2 Rac8 17. Bh3 Nde4 18. Bd4 Qa6 19. Bg2 Nc3 20. Qd2 Ne2+ 21. Kh1 Nxd4 22. Qxd4 b6 23. e4 Rc5 24. exd5 Nxd5 25. Rfe1 Nc7 26. Re4 Rd5 27. Qb2 Rdf5 28. Rg4 R8f6 29. Rd1 Nd5 30. Qd2 Qb5 31. Kg1 Qc5 32. Bxd5 exd5 33. Rd4 Rg6 34. Qd3 Rff6 35. Qe2 Qf8 36. Rf1 Qc5 37. Qe8+ Qf8 38. Qxf8+ Rxf8 39. f4 Rc6 40. g4 Rff6 41. Rxd5 Rc2 42. f5 Rh6 43. Rf2 Rxf2 44. Kxf2 Rxh2+ 45. Kf3 Rxa2 46. Kf4 Kf7 47. Rd7+ Ke8 48. Rxg7 h6 49. Ke5 Rg2 50. Ke6 Re2+ 51. Kf6 Rg2 52. Ke6 h5 53. Rg8# 1-0